000 01544nas a22004217a 4500
005 20031107050606.0
006 a|||||r|||||00| 0
007 ta
008 811006c19619999ii fr p| 00| 0 eng d
010 _asa 64007901
022 _a0564-3295
040 _aCLU
_cCLU
_dFU
_dDLC
_dOCoLC
_dDLC
_dAIP
_dNST
_dDNAL
_dNST
_dOCoLC
_dWaU
042 _alc
043 _aw------
050 _aQH540
_b.T7
070 _a451
_bIn85
082 _a574.5/2623/05
_219
210 _aTrop. ecol.
222 _aTropical ecology
245 _aTropical ecology.
260 _aVaranasi, India [etc.]
_bInternational Society for Tropical Ecology,
_c1961-
300 _av.
_bill.
_c25 cm.
310 _aSemiannual
362 _av. 2-
510 _aChemical abstracts
_x0009-2258
550 _aOfficial publication of the International Society for Tropical Ecology.
590 _aSERBIB/SERLOC merged record
650 _aEcology
_vPeriodicals.
650 _aEcology
_zTropics
_vPeriodicals.
710 _aInternational Society for Tropical Ecology.
780 _tBulletin of the International Society for Tropical Ecology
_w(OCoLC)8096223
270 _aDepartment of botany
_bVaranasi
906 _a7
_bcbc
_cserials
_d3
_encip
_f19
_gn-oclcserc
936 _aINC
_asummer 1981 (surrogate)
942 _2ddc
_cSR
_h574.5262305
_mTRO
_s1
999 _c29748
_d29748